Joueurs Vainqueurs de la Ligue des Champions - Mort subite - Statistiques

Statistiques générales
  • Ce quiz a été pris 193 fois
  • Le résultat moyen est 7 sur 16
Answers on the Grid
Answers color-coded by a green-red scale on the quiz's grid according to % correct below.
Alessandro Del Piero
Ángel Di María
Casemiro
Didier Drogba
Eden Hazard
Eusébio
Johan Cruyff
Kevin De Bruyne
Lionel Messi
Mohamed Salah
Ousmane Dembélé
Petr Čech
Steven Gerrard
Thiago Silva
Thierry Henry
Wesley Sneijder
Cesc Fàbregas
Dennis Bergkamp
Diego Maradona
Edinson Cavani
Fabio Cannavaro
Gianluigi Buffon
Paul Pogba
Mario Götze
Michael Owen
Ruud van Nistelrooy
Sergio Agüero
Zlatan Ibrahimović
 
Statistiques - réponses
Réponse % Correct
Lionel Messi
67%
Ousmane Dembélé
62%
Didier Drogba
61%
Kevin De Bruyne
61%
Mohamed Salah
59%
Casemiro
53%
Steven Gerrard
46%
Thiago Silva
45%
Thierry Henry
45%
Ángel Di María
42%
Wesley Sneijder
39%
Eden Hazard
36%
Petr Čech
36%
Johan Cruyff
28%
Eusébio
21%
Alessandro Del Piero
14%
Aucun quiz correspondant
Distribution des résultats
% des personnes avec chaque résultat
Percentile par nombre de réponses
Votre historique - résultats
Vous n’avez pas pris ce quiz